Estadísticas para Arbol Genealogico Weasley (Harry Potter)

Haz click aquí para intentar la prueba.

Estadísticas generales

  • Esta prueba ha sido intentada 452 veces
  • La puntuación promedio es 22 de 40

Estadísticas de respuestas

Respuesta% Correcto
Ronald
98%
Fred
95%
George
94%
Ginerva
92%
Molly
88%
Arthur
87%
Hermione
83%
Percy
83%
William
81%
Harry
78%
Charlie
77%
Albus
74%
Fleur
72%
James
70%
Lily
67%
Severus
61%
Weasley
59%
Granger
57%
Potter
56%
Rose
56%
Angelina
54%
Sirius
52%
Delacour
50%
Hugo
50%
Luna
50%
Victoire
37%
Fred II
36%
Johnson
36%
Jean
34%
Billius
33%
Dominique
31%
Roxanne
31%
Louis
30%
Prewett
28%
Lucy
27%
Audrey
25%
Molly II
25%
Granger - Weasley
24%
Ignatius
14%
Isabelle
14%

Distribución de puntuación

Porcentaje por número respondido

Porcentaje de gente con cada puntuación

Historial de tus puntuaciones

No has intentado esta prueba.